Регионална библиотека "Любен Каравелов" - Русе

Социална политика и социално осигуряване (Запис номер 183275)

MARC детайли
000 -Лидер
Контролно поле с фиксирана дължина 01644nam a2200337 c 4500
003 - Код на организацията, давaща контролен номер
Контролно поле BLK
005 - Дата и час на последна редакция
Контролно поле 20240308132352.0
008 - Елементи от данни с фиксирана дължина
fixed length control field 180411b bul|||||r ||||||| ||bul||
010 ## - Наследен системен номер
LC control number KNG00192205000
040 ## - Източник на каталожния запис
Идентификатор на билиотеката - собственик на записа BLK
041 ## - Код за език
Код за езика на текст/звукозапис или на отделно заглавие Български
Код за езика КДБФ Български
080 ## - УДК
Текстов определител УДК Социално осигуряване. Работническо осигуряване
УДК код - определител по УДК 368.4
УДК определител (075.4)
УДК - код + определител 368.4(075.4)
080 ## - УДК
Текстов определител УДК Социални въпроси в цялост. Критика на социалната организация. Социални реформо(общо). Практически социални проблеми. Социална политика (общи въпроси). Вж и 141.82;308;331;351.83
УДК код - определител по УДК 304
УДК определител (075.4)
УДК - код + определител 304(075.4)
100 1# - Редна дума - Автор
Автор Димова, Душка Петкова
Авторска отговорност първи автор
R(LIN) 368742
139 ## - Редно поле
Редна дума Димова, Душка Петкова
Авторски знак Димо - Д 60
245 10 - Сведения за заглавието
Заглавие Социална политика и социално осигуряване
Подзаглавни данни Избрани теми от теорията и практиката : Уч. помагало
Редно поле (дума) Душка Петкова Димова.
257 ## - Страна на издаване
Страна на създаване/издаване България
260 ## - Област на издателските данни
-- София
Име на издателя, разпространителя и проч. Люрен
Година на издаване 1993
300 ## - Физическа характеристика
Страници 144 с.
Илюстрации и др. с табл.
Размери/Мащаб 20 см
380 ## - Жанр
Жанр Обществени науки
500 ## - Общи забележки
Забележка 1 500 тир.
650 #4 - Допълнително описание по предмет – тема
Основно описание – тема или топоним Социална политика
9 (RLIN) 263721
650 #0 - Допълнително описание по предмет – тема
Основно описание – тема или топоним Обществено осигуряване
9 (RLIN) 272658
650 #4 - Допълнително описание по предмет – тема
Основно описание – тема или топоним Учебни помагала
9 (RLIN) 271270
852 ## - Местоположение
Форматна сигнатура Цб 171673
856 4# - Електронен адрес и достъп
Електронен формат pdf - файл
Път до файла /url/
856 4# - Електронен адрес и достъп
Електронен формат pdf - файл
Път до файла /url/
942 ## - АРТИКУЛИ
Вид на библиотечния материал Книги
Скрит в OPAC Не
944 ## - СЪЗДАВАНЕ И РЕДАКЦИЯ на ЗАПИСА
Създаване/Редакция Създаване
Дата на регистрацията/редакция 10.10.2016
Служител, извършил регистрацията/редакцията 30560
Статус, дата на статуса Геновева Генчева
944 ## - СЪЗДАВАНЕ И РЕДАКЦИЯ на ЗАПИСА
Създаване/Редакция Редакция
Дата на регистрацията/редакция 10.10.2016
Служител, извършил регистрацията/редакцията Кети_Илиева
999 ## - СИСТЕМНИ КОНТРОЛНИ НОМЕРА
Koha biblionumber 183275
Koha biblioitemnumber 183275
Наличности
Код за отписване Код за изгубен артикул Източник на класификационната схема Код за повреда Коз за рестрикции Код за отдаване Артикулен № Име на библиотеката - собственик Име на библиотеката, в която се намира в момента Статус (Текущо местоположение) Дата на вписване в системата Местоположение - отдел Цена в лева Инвентарен номер Систематично азбучна сигнатура Баркод Номер на екземпляра Цена в евро Служебна бележка Служебен тип на артикула
  Не е изгубен Universal Decimal Classification Не е повреден без рестрикции ползва се в читалня 315887 Регионална библиотека "Любен Каравелов" Русе Регионална библиотека "Любен Каравелов" Русе Хранилище 1993-01-01 Хранилище 0.00 580404 Цб 171673 120000580404 1 0.00 Вид: Сф Дата: 01.01.1993 Книги
Изтеглен Не е изгубен Universal Decimal Classification Не е повреден без рестрикции заемане за дома 315888 Регионална библиотека "Любен Каравелов" Русе Регионална библиотека "Любен Каравелов" Русе Заемна - подръчен фонд 1993-01-01 Заемна - подръчен фонд 3.15 576640 П 36/Д 60 576640 2 1.61 Вид: Сф Дата: 01.01.1993 Книги
Изтеглен Не е изгубен Universal Decimal Classification Не е повреден без рестрикции заемане за дома 315889 Регионална библиотека "Любен Каравелов" Русе Регионална библиотека "Любен Каравелов" Русе Заемна - подръчен фонд 1993-01-01 Заемна - подръчен фонд 3.15 576641 П 36/Д 60 576641 3 1.61 Вид: Сф Дата: 01.01.1993 Книги
Vip Innovations Ltd, Rousse, Bulgaria 2025